La Privatización y las mayorías populares

Kaydedildi:
Detaylı Bibliyografya
Materyal Türü: Metin
Konular:
Etiketler: Etiketle
Etiket eklenmemiş, İlk siz ekleyin!

MARC

LEADER 00000 a a2200000 04500
001 5924
003
040
245 |a La Privatización y las mayorías populares  
650 |a PRIVATIZACION  
650 |a REFORMA ECONOMICA  
650 |a EMPRESAS PUBLICAS  
650 |a SOCIEDAD CIVIL  
650 |a SECTOR PRIVADO  
650 |a CAPITAL  
773 |g volumen 15, número 648; páginas 7-9  
999 |c 37440  |d 37440